<?xml version="1.0" encoding="UTF-8"?>
<record
    xmlns:xsi="http://www.w3.org/2001/XMLSchema-instance"
    xsi:schemaLocation="http://www.loc.gov/MARC21/slim http://www.loc.gov/standards/marcxml/schema/MARC21slim.xsd"
    xmlns="http://www.loc.gov/MARC21/slim">

  <leader>03045nam a22003854a 4500</leader>
  <controlfield tag="001">ebr10201028</controlfield>
  <controlfield tag="003">CaPaEBR</controlfield>
  <controlfield tag="006">m        u        </controlfield>
  <controlfield tag="007">cr cn|||||||||</controlfield>
  <controlfield tag="008">070109s2007    nyua    sb    001 0 eng  </controlfield>
  <datafield tag="010" ind1=" " ind2=" ">
    <subfield code="z">  2007000535</subfield>
  </datafield>
  <datafield tag="015" ind1=" " ind2=" ">
    <subfield code="a">GBA743547</subfield>
    <subfield code="2">bnb</subfield>
  </datafield>
  <datafield tag="016" ind1="7" ind2=" ">
    <subfield code="z">101296908</subfield>
    <subfield code="2">DNLM</subfield>
  </datafield>
  <datafield tag="016" ind1="7" ind2=" ">
    <subfield code="z">013761819</subfield>
    <subfield code="2">Uk</subfield>
  </datafield>
  <datafield tag="020" ind1=" " ind2=" ">
    <subfield code="z">9781593854805 (hardcover : alk. paper)</subfield>
  </datafield>
  <datafield tag="020" ind1=" " ind2=" ">
    <subfield code="z">1593854803 (hardcover : alk. paper)</subfield>
  </datafield>
  <datafield tag="040" ind1=" " ind2=" ">
    <subfield code="a">CaPaEBR</subfield>
    <subfield code="c">CaPaEBR</subfield>
  </datafield>
  <datafield tag="035" ind1=" " ind2=" ">
    <subfield code="a">(OCoLC)290492931</subfield>
  </datafield>
  <datafield tag="050" ind1="1" ind2="4">
    <subfield code="a">RC375</subfield>
    <subfield code="b">.T74 2007eb</subfield>
  </datafield>
  <datafield tag="082" ind1="0" ind2="4">
    <subfield code="a">616.8/3</subfield>
    <subfield code="2">22</subfield>
  </datafield>
  <datafield tag="245" ind1="0" ind2="0">
    <subfield code="a">Treating Tourette syndrome and tic disorders</subfield>
    <subfield code="h">[electronic resource] :</subfield>
    <subfield code="b">a guide for practitioners /</subfield>
    <subfield code="c">edited by Douglas W. Woods, John C. Piacentini, John T. Walkup ; foreword by Peter Hollenbeck.</subfield>
  </datafield>
  <datafield tag="260" ind1=" " ind2=" ">
    <subfield code="a">New York :</subfield>
    <subfield code="b">Guilford Press,</subfield>
    <subfield code="c">c2007.</subfield>
  </datafield>
  <datafield tag="300" ind1=" " ind2=" ">
    <subfield code="a">xvi, 287 p. :</subfield>
    <subfield code="b">ill.</subfield>
  </datafield>
  <datafield tag="504" ind1=" " ind2=" ">
    <subfield code="a">Includes bibliographical references and index.</subfield>
  </datafield>
  <datafield tag="505" ind1="0" ind2=" ">
    <subfield code="a">Introduction to clinical management of Tourette syndrome / Douglas W. Woods, John C. Piacentini, and John T. Walkup -- Characteristics of Tourette syndrome / John C. Piacentini, Amanda J. Pearlman, and Tara S. Peris -- Assessment of tic disorders / Douglas W. Woods, John C. Piacentini, and Michael B. Himle -- Assessment of co-occuring psychiatric conditions in tic disorders / Lawrence Scahill, Denis G. Sukhodolsky, and Robert A. King -- Genetic and neurobiological bases for Tourette syndrome / Jana Leary, Tyler Reimschisel, and Harvey S. Singer -- Neurocognitive factors in Tourette syndrome / Susanna Chang -- Medical management of Tourette syndrome and co-occurring conditions / Joyce N. Harrison, Benjamin Schneider, and John T. Walkup -- Psychosocial management of tics and intentional repetitive behaviors associated with Tourette syndrome / Alan L. Peterson -- Psychosocial management of comorbid internalizing disorders in persons with Tourette syndrome / Ulrike Buhlmann ... [et al.] -- Disruptive behavior in persons with Tourette syndrome: phenomenology, assessment, and treatment / Denis G. Sukhodolsky and Lawrence Scahill -- Management of familial issues in persons with Tourette syndrome / Golda S. Ginsburg and Julie Newman Kingery -- Management of learning and school difficulties in children with Tourette syndrome / Hayden O. Kepley and Susan Conners -- Management of social and occupational difficulties in persons with Tourette syndrome / Douglas W. Woods, Brook A. Marcks, and Christopher A. Flessner.</subfield>
  </datafield>
  <datafield tag="533" ind1=" " ind2=" ">
    <subfield code="a">Electronic reproduction.</subfield>
    <subfield code="b">Palo Alto, Calif. :</subfield>
    <subfield code="c">ebrary,</subfield>
    <subfield code="d">2013.</subfield>
    <subfield code="n">Available via World Wide Web.</subfield>
    <subfield code="n">Access may be limited to ebrary affiliated libraries.</subfield>
  </datafield>
  <datafield tag="650" ind1=" " ind2="0">
    <subfield code="a">Tourette syndrome</subfield>
    <subfield code="x">Treatment.</subfield>
  </datafield>
  <datafield tag="650" ind1=" " ind2="0">
    <subfield code="a">Tic disorders</subfield>
    <subfield code="x">Treatment.</subfield>
  </datafield>
  <datafield tag="655" ind1=" " ind2="7">
    <subfield code="a">Electronic books.</subfield>
    <subfield code="2">local</subfield>
  </datafield>
  <datafield tag="700" ind1="1" ind2=" ">
    <subfield code="a">Woods, Douglas W.,</subfield>
    <subfield code="d">1971-</subfield>
  </datafield>
  <datafield tag="700" ind1="1" ind2=" ">
    <subfield code="a">Piacentini, John.</subfield>
  </datafield>
  <datafield tag="700" ind1="1" ind2=" ">
    <subfield code="a">Walkup, John T.</subfield>
  </datafield>
  <datafield tag="710" ind1="2" ind2=" ">
    <subfield code="a">ebrary, Inc.</subfield>
  </datafield>
  <datafield tag="856" ind1="4" ind2="0">
    <subfield code="u">http://site.ebrary.com/lib/rucke/Doc?id=10201028</subfield>
    <subfield code="z">An electronic book accessible through the World Wide Web; click to view</subfield>
  </datafield>
  <datafield tag="999" ind1=" " ind2=" ">
    <subfield code="c">117993</subfield>
    <subfield code="d">117993</subfield>
  </datafield>
</record>
